000 00429nam a2200157Ia 4500
008 230711s9999||||xx |||||||||||||| ||und||
041 _aENG
082 _a624
_bWO-P
100 _aWorld Health Organisation
245 0 _aPublic health implications of radioactive waste releases
250 _a1st Ed.
260 _c1970
_aNew Delhi
_bWorld Health Organisation Geneva
300 _a61
650 _aCivil Engineering
942 _cBK
999 _c2072
_d2072